|
|
|
|
| LEADER |
01361nam a2200361 i 4500 |
| 001 |
EBC1800245 |
| 003 |
MiAaPQ |
| 005 |
20220517160120.0 |
| 006 |
m o d | |
| 007 |
cr cnu|||||||| |
| 008 |
220517s2014 deua o 000 0 eng d |
| 020 |
|
|
|a 9781497645042
|q (electronic bk.)
|
| 035 |
|
|
|a (MiAaPQ)EBC1800245
|
| 035 |
|
|
|a (Au-PeEL)EBL1800245
|
| 035 |
|
|
|a (OCoLC)883663298
|
| 040 |
|
|
|a MiAaPQ
|b eng
|e rda
|e pn
|c MiAaPQ
|d MiAaPQ
|
| 050 |
|
4 |
|a HB171.5
|b .H496 2014
|
| 082 |
0 |
|
|a 330
|2 23
|
| 100 |
1 |
|
|a Heyne, Paul T.,
|e author.
|
| 245 |
1 |
2 |
|a A student's guide to economics /
|c Paul Heyne ; edited by Joseph A. Weglarz.
|
| 264 |
|
1 |
|a Wilmington, Delaware :
|b Intercollegiate Studies Institute,
|c [2014]
|
| 264 |
|
4 |
|c Ã2014
|
| 300 |
|
|
|a 1 online resource (99 pages) :
|b illustrations
|
| 336 |
|
|
|a text
|b txt
|2 rdacontent
|
| 337 |
|
|
|a computer
|b c
|2 rdamedia
|
| 338 |
|
|
|a online resource
|b cr
|2 rdacarrier
|
| 588 |
|
|
|a Description based on print version record.
|
| 590 |
|
|
|a Electronic reproduction. Ann Arbor, MI : ProQuest, 2018. Available via World Wide Web. Access may be limited to ProQuest affiliated libraries.
|
| 650 |
|
0 |
|a Economics.
|
| 655 |
|
4 |
|a Electronic books.
|
| 700 |
1 |
|
|a Weglarz, Joseph A.,
|e editor.
|
| 797 |
2 |
|
|a ProQuest (Firm)
|
| 856 |
4 |
0 |
|u https://ebookcentral.proquest.com/lib/matrademy/detail.action?docID=1800245
|z Click to View
|